Normal view
MARC view
- Shahzad, Muneeb
Entry Personal Name
001 - CONTROL NUMBER
- control field: 125934
003 - CONTROL NUMBER IDENTIFIER
- control field: NUST
005 - DATE AND TIME OF LATEST TRANSACTION
- control field: 20240920142926.0
008 - FIXED-LENGTH DATA ELEMENTS
- fixed length control field: 240920|| aca||aabn | a|a d
040 ## - CATALOGING SOURCE
- Original cataloging agency: NUST
- Transcribing agency: NUST
100 ## - HEADING--PERSONAL NAME
- Personal name: Shahzad, Muneeb
670 ## - SOURCE DATA FOUND
- Source citation: Work cat.: (NUST): Shahzad, Muneeb , Smart Web App for Business Premises /, 2024
